|
|
|
|
| LEADER |
00988nam a22002772a 4500 |
| 001 |
000106718 |
| 003 |
CZ BrMZK |
| 005 |
20060703102650.0 |
| 007 |
ta |
| 008 |
950101s1989 xo f slo d |
| 040 |
|
|
|a BOA001
|b cze
|
| 080 |
|
|
|a 628.5(075.8)
|2 MRF
|
| 100 |
1 |
|
|a Tölgyessy, Juraj,
|d 1931-2014
|7 jn19990008588
|4 aut
|
| 245 |
1 |
0 |
|a Ochrana prostredia v priemysle /
|c Juraj Tölgyessy, Milan Piatrik, Peter Tölgyessy
|
| 250 |
|
|
|a 1. vyd.
|
| 260 |
|
|
|a Bratislava :
|b Alfa,
|c 1989
|
| 300 |
|
|
|a 368 s.
|
| 504 |
|
|
|a Obsahuje bibliografii
|
| 700 |
1 |
|
|a Tölgyessy, Peter
|4 aut
|
| 700 |
1 |
|
|a Piatrik, Milan,
|d 1943-
|7 jx20050608041
|4 aut
|
| 910 |
|
|
|a BOA001
|b TK-0242.173
|b 2-0947.300
|
| 920 |
|
|
|a 000077444
|
| 964 |
|
|
|a Prostředí životní - ochrana - průmysl
|
| 990 |
|
|
|a BK
|
| 996 |
7 |
|
|b 2619968482
|c 2-0947.300
|l MZK
|r Sklad / do 1 hodiny
|n 2
|w 000106718
|u 000020
|a 1
|e BOA001
|j MZK50
|s A
|
| 996 |
7 |
|
|b 2629980136
|c TK-0242.173
|l MZK
|r Sklad / do 24 hodin
|n 4
|w 000106718
|u 000010
|a 1
|e BOA001
|j MZK50
|s A
|